| 000 | 00752nam a2200193 a 4500 | ||
|---|---|---|---|
| 003 | 0 | ||
| 005 | 20250618123523.0 | ||
| 008 | 021125s19uu xx 00 eng d | ||
| 050 |
_aPHS TK 7882.F5 _b.Aq88 2000 |
||
| 100 | _aAquino, Daetrick Kincaid Benson. | ||
| 245 |
_aThe Feasibility of using fiber optics to maximize the intensity of illumination of indoor light / _cDaetrick Kincaid Benson Aquino. |
||
| 260 |
_aLas PiƱas City, Philippines : _bSouthville International School and Colleges, _c2000. |
||
| 300 |
_a46 pages : _billustrations ; _c28 cm. |
||
| 504 | _aIncludes bibliographical references. | ||
| 650 | _aFiber optics. | ||
| 650 |
_aLighting _xEnergy conservation. |
||
| 650 |
_aLighting _xTechnological innovations. |
||
| 942 |
_2lcc _cPASS |
||
| 999 |
_c96365 _d96365 |
||